Countries smallest neighbors - Statistics

General Stats
  • This quiz has been taken 13 times
  • The average score is 101 of 157
Answer Stats
Country Neighbor % Correct
Russia Estonia
100%
Norway Finland
100%
Pakistan Afghanistan
80%
Azerbaijan Armenia
80%
Luxembourg Belgium
80%
China Bhutan
80%
Chile Bolivia
80%
Paraguay Bolivia
80%
Rwanda Burundi
80%
Panama Costa Rica
80%
Eritrea Djibouti
80%
Ethiopia Djibouti
80%
Somalia Djibouti
80%
Peru Ecuador
80%
Cameroon Equatorial Guinea
80%
Djibouti Eritrea
80%
Republic of the Congo Gabon
80%
Senegal Gambia
80%
Armenia Georgia
80%
Denmark Germany
80%
Belize Guatemala
80%
Papua New Guinea Indonesia
80%
Palestine Israel
80%
San Marino Italy
80%
Albania Kosovo
80%
Cambodia Laos
80%
Belarus Latvia
80%
Estonia Latvia
80%
Austria Liechtenstein
80%
Belgium Luxembourg
80%
Brunei Malaysia
80%
Romania Moldova
80%
Ukraine Moldova
80%
France Monaco
80%
Bosnia and Herzegovina Montenegro
80%
Croatia Montenegro
80%
Eswatini Mozambique
80%
Bangladesh Myanmar
80%
Bulgaria North Macedonia
80%
Finland Norway
80%
Israel Palestine
80%
Colombia Panama
80%
Costa Rica Panama
80%
Bolivia Paraguay
80%
Saudi Arabia Qatar
80%
Angola Republic of the Congo
80%
Central African Republic Republic of the Congo
80%
Burundi Rwanda
80%
Democratic Republic of the Congo Rwanda
80%
Uganda Rwanda
80%
Qatar Saudi Arabia
80%
Czechia Slovakia
80%
Poland Slovakia
80%
Andorra Spain
80%
Portugal Spain
80%
Brazil Suriname
80%
Afghanistan Tajikistan
80%
Benin Togo
80%
Burkina Faso Togo
80%
Algeria Tunisia
80%
Oman United Arab Emirates
80%
Argentina Uruguay
80%
Botswana Zimbabwe
80%
Spain Andorra
60%
Georgia Armenia
60%
Türkiye Armenia
60%
Myanmar Bangladesh
60%
Netherlands Belgium
60%
Mexico Belize
60%
Nigeria Benin
60%
Togo Benin
60%
India Bhutan
60%
Namibia Botswana
60%
Malaysia Brunei
60%
Thailand Cambodia
60%
Chad Cameroon
60%
Mongolia China
60%
Ecuador Colombia
60%
Nicaragua Costa Rica
60%
Slovenia Croatia
60%
Slovakia Czechia
60%
Canada Denmark
60%
Haiti Dominican Republic
60%
Guatemala El Salvador
60%
Honduras El Salvador
60%
Gabon Equatorial Guinea
60%
Latvia Estonia
60%
Mozambique Eswatini
60%
South Africa Eswatini
60%
Monaco France
60%
Equatorial Guinea Gabon
60%
El Salvador Guatemala
60%
Guinea Guinea-Bissau
60%
Suriname Guyana
60%
Dominican Republic Haiti
60%
Bhutan India
60%
Nepal India
60%
Timor-Leste Indonesia
60%
Montenegro Kosovo
60%
North Macedonia Kosovo
60%
Serbia Kosovo
60%
Lithuania Latvia
60%
Syria Lebanon
60%
Sierra Leone Liberia
60%
Tunisia Libya
60%
Switzerland Liechtenstein
60%
Germany Luxembourg
60%
Morocco Mauritania
60%
South Korea North Korea
60%
Greece North Macedonia
60%
Sweden Norway
60%
Egypt Palestine
60%
Jordan Palestine
60%
Moldova Romania
60%
Gambia Senegal
60%
Guinea-Bissau Senegal
60%
Mali Senegal
60%
Mauritania Senegal
60%
Liberia Sierra Leone
60%
North Korea South Korea
60%
Guyana Suriname
60%
Liechtenstein Switzerland
60%
Indonesia Timor-Leste
60%
Ghana Togo
60%
Libya Tunisia
60%
Ireland United Kingdom
60%
Italy Vatican City
60%
Malawi Zambia
60%
Uruguay Argentina
40%
Iran Armenia
40%
Niger Benin
40%
Laos Cambodia
40%
Vietnam Cambodia
40%
Sudan Eritrea
40%
Venezuela Guyana
40%
Kuwait Iraq
40%
United Kingdom Ireland
40%
Lebanon Israel
40%
Vatican City Italy
40%
Iraq Kuwait
40%
Kazakhstan Kyrgyzstan
40%
Tajikistan Kyrgyzstan
40%
Ivory Coast Liberia
40%
United States Mexico
40%
Kosovo Montenegro
40%
United Arab Emirates Oman
40%
Tanzania Rwanda
40%
Hungary Slovenia
40%
Lesotho South Africa
40%
Kyrgyzstan Tajikistan
40%
Uzbekistan Tajikistan
40%
Kenya Uganda
40%
South Sudan Uganda
40%
Turkmenistan Uzbekistan
40%
Zimbabwe Botswana
20%
Zambia Malawi
20%
Yemen Oman
20%
No matching quizzes found
Score Distribution
Percent of People with Each Score
Percentile by Number Answered
Your Score History
You have not taken this quiz